The lease : as a financing and selling device /

Saved in:
Bibliographic Details
Main Author: Eiteman, Wilford John, 1902-
Other Authors: Davisson, Charles N.
Format: Book
Language:English
Published: Ann Arbor, Mich. : School of Business Admin., Univ. of Michigan, 1951.
Series:Michigan business reports ; no.20
Subjects:
LEADER 00870nam a22002171 4500
001 c000361451
003 CARM
005 00000000000000.0
008 851113s1951 miu 0 eng d
019 1 |a 4141929  |z 28352829  |5 LACONCORD2021 
035 |a (OCoLC)234839  |5 LACONCORD2021 
100 1 |a Eiteman, Wilford John,  |d 1902- 
245 1 4 |a The lease :  |b as a financing and selling device /  |c by W.J.Eiteman, and C.N.Davisson. 
260 |a Ann Arbor, Mich. :  |b School of Business Admin., Univ. of Michigan,  |c 1951. 
490 0 |a Michigan business reports ;  |v no.20 
650 0 |a Leases. 
700 1 |a Davisson, Charles N. 
852 8 |b CARM  |h A1:AL22B0  |i B10127  |p 0449480  |f BK 
082 0 4 |a 333.334 
999 f f |i 10097be1-7ee6-5f16-807a-cf40a3699eb6  |s 60b9e66b-7bd1-5230-b301-f0bda53d261a 
952 f f |p Can circulate  |a CAVAL  |b CAVAL  |c CAVAL  |d CARM 1 Store  |e B10127  |f A1:AL22B0  |h Other scheme  |i book  |m 0449480